Maps & globes / (Record no. 1382)

MARC details
000 -LEADER
fixed length control field 01066pam a2200325 a 4500
005 - DATE AND TIME OF LATEST TRANSACTION
control field 20230823082739.0
020 ## - INTERNATIONAL STANDARD BOOK NUMBER
International Standard Book Number 0690044577 :
020 ## - INTERNATIONAL STANDARD BOOK NUMBER
International Standard Book Number 0690044593 (lib. bdg.) :
040 ## - CATALOGING SOURCE
Original cataloging agency DLC
Transcribing agency DLC
Modifying agency DLC
Language of cataloging eng
050 00 - LIBRARY OF CONGRESS CALL NUMBER
Classification number GA105.6
Item number .K58 1985
082 00 - DEWEY DECIMAL CLASSIFICATION NUMBER
Classification number 912
Edition number 19
100 1# - MAIN ENTRY--PERSONAL NAME
Personal name Knowlton, Jack
245 10 - TITLE STATEMENT
Title Maps & globes /
Statement of responsibility, etc. by Jack Knowlton ; pictures by Harriett Barton.
250 ## - EDITION STATEMENT
Edition statement 1st ed.
260 ## - PUBLICATION, DISTRIBUTION, ETC.
Place of publication, distribution, etc. New York :
Name of publisher, distributor, etc. HarperCollins,
Date of publication, distribution, etc. 1985
300 ## - PHYSICAL DESCRIPTION
Extent 42 pages :
Other physical details color illustrations ;
Dimensions 25 cm
505 ## - FORMATTED CONTENTS NOTE
Formatted contents note Q
520 ## - SUMMARY, ETC.
Summary, etc. A brief history of mapmaking, a simple explanation of how to read maps and globes, and an introduction to the many different kinds of maps there are.
521 ## - TARGET AUDIENCE NOTE
Target audience note 920 <br/>
Source Lexile
521 ## - TARGET AUDIENCE NOTE
Target audience note Q
Source Raz-Plus
650 #0 - SUBJECT ADDED ENTRY--TOPICAL TERM
Topical term or geographic name entry element Maps
General subdivision Juvenile literature.
650 #0 - SUBJECT ADDED ENTRY--TOPICAL TERM
Topical term or geographic name entry element Globes
General subdivision Juvenile literature.
650 #1 - SUBJECT ADDED ENTRY--TOPICAL TERM
Topical term or geographic name entry element Maps.
650 #1 - SUBJECT ADDED ENTRY--TOPICAL TERM
Topical term or geographic name entry element Globes.
700 1# - ADDED ENTRY--PERSONAL NAME
Personal name Barton, Harriett,
Relator term illustrator
906 ## - LOCAL DATA ELEMENT F, LDF (RLIN)
a 7
b cbc
c orignew
d 1
e ocip
f 19
g y-gencatlg
942 ## - ADDED ENTRY ELEMENTS (KOHA)
Source of classification or shelving scheme Dewey Decimal Classification
Koha item type Books
Suppress in OPAC No
999 ## -
-- 1382
-- 1382
Holdings
Withdrawn status Lost status Source of classification or shelving scheme Damaged status Not for loan Collection Home library Current library Shelving location Date acquired Total Checkouts Full call number Barcode Date last seen Price effective from Koha item type
    Dewey Decimal Classification     Non-Fiction Footprints International School Library Network Toul Kork Campus Footprints International School Library Network Toul Kork Campus TTP Secondary Non-Fiction Bookshelves 08/23/2023   BAR 912 GA105.K58 FISBK01293 08/23/2023 08/23/2023 Books